000 00719nam a2200241Ia 4500
003 OSt
005 20220926014103.0
006 a|||||r|||| 00| 0
007 ta
008 220923b |||||||| |||| 00| 0 eng d
037 _cGeneral Book
040 _aRTL
_cRTL
_beng
041 _2eng
_aeng
082 _aW81.5.M48<--L23, K6
100 _aLubasz Heinz Ed.
_9319726
245 0 _aRevolutions in modern European history
260 _aNew York
_bMacmillan
_c1966
300 _avii, 136p
_ccm.
490 _aMain Themes in European History. Ed by Bruce Mazlish
650 _aRevolution
_9230303
942 _hW81.5.M48<--L23, K6
_cGB
_2CC
999 _c627777
_d627777